000 01354nam a2200229Ia 4500
003 Ost
005 20260507075554.0
008 260507s9999||||xx |||||||||||||| ||und||
020 _a995711591x
040 _cfsecg
041 _aara
082 _a300
100 _aالضمور، قاسم عبد الحميد
_eمؤلف
245 0 _aالمستشار في الضريبة العامة على المبيعات /
_c قاسم عبد الحميد الضمور
260 _aعمان:
_bدار وائل للنشر و التوزيع,
_c2005
300 _a207 صفحة؛
_c24 سم
520 _aالمكلف بالضريبة العامة على المبيعات و كذا الوعاء الضريبي اضافة الى التسجيل في شبكة الضريبة العامة على المبيعات و الاقرار الضريبي و الضريبة المستحقة, كذلك خصم الضريبة و ردها و المطالبات الضريبية و الاعتراض عليها, جرائم التهرب الضريبي و العقوبات و التبليغ القانوني و أحكامه و في الاخير تناول تحصيل الضريبة والتنفيذ على المدينين بها و مسائل و أحكام عامة.
653 _aالمبيعات- ضرائب
653 _aضرائب
653 _aمبيعات
942 _cكتاب
999 _c44951
_d44951